| 000 | 00925cam a22002778i 4500 | ||
|---|---|---|---|
| 001 | 20854116 | ||
| 003 | OSt | ||
| 005 | 20250613112910.0 | ||
| 008 | 190214s2020 nju b 001 0 eng | ||
| 020 | _a9781119524830 (hardcover) | ||
| 024 | _c105.00 | ||
| 040 |
_aDLC _beng _erda _cDLC _dNUST |
||
| 050 | 0 | 0 | _aTJ211.4 KUR |
| 100 | 1 |
_aKurdila, Andrew, _eauthor. |
|
| 245 | 1 | 0 |
_aDynamics and control of robotic systems / _cAndrew J. Kurdila, Virginia and Pinhas Ben-Tzvi. |
| 260 |
_a[ ]: _bWiley, _c©2020 |
||
| 300 |
_axvii, 495 pages ; _b: illustrations _c25 cm. |
||
| 336 |
_atext _btxt _2rdacontent |
||
| 337 |
_aunmediated _bn _2rdamedia |
||
| 338 |
_avolume _bnc _2rdacarrier |
||
| 504 | _aIncludes bibliographical references and index. | ||
| 650 | 0 | _vRobots -- Dynamics. | |
| 650 | 0 | _vRoborts-- Control systems. | |
| 700 | 1 |
_aBen-Tzvi, Pinhas, _eauthor. |
|
| 942 |
_2lcc _cBOOKS _hTJ211.4K87 _kTJ _mKUR _n0 |
||
| 999 |
_c171521 _d171521 |
||